Music Quiz

Random Music or Bands Quiz
Score 0/26 Timer 04:00
2 Plays Today
Clue 6-Letter Word % Correct
Justin who sings 'Baby' and 'Boyfriend'Bieber
97.4%
Swift who sang 'Love Story' and 'Bad Blood'Taylor
93.8%
He wrote 'Purple Rain' and 'Manic Monday'Prince
93.8%
Sole female member of The Black Eyed PeasFergie
90.9%
Composer Scott or rock icon JanisJoplin
89.6%
Stage name of Marshall Bruce Mathers III Eminem
85.7%
Fender Stratocaster, e.g.guitar
85.4%
John who sang 'Rocky Mountain High'Denver
84%
Itzhak Perlman's instrument violin
82.5%
American rock band: ______ of the Stone AgeQueens
80.9%
'MMMBop' brothersHanson
80.7%
Colorful 2000 hit by ColdplayYellow
80.4%
Homeland of A-ha and YlvisNorway
76.5%
Clue 6-Letter Word % Correct
Piece, like Beethoven's 'Moonlight'sonata
76.1%
Concave brass plate that's hit with a drumstickcymbal
76%
Partner of 'blues' in a music genrerhythm
73.3%
Interval embracing eight diatonic degreesoctave
66.4%
1988 #1 hit for The Beach BoysKokomo
63.8%
Elvis Costello song or singer KraussAlison
63.7%
Piece composed of short parts of other songsmedley
60.3%
1980 Olivia Newton-John & ELO hitXanadu
59.3%
Two or more voices singing the same note togetherunison
57.3%
Rivers Cuomo's bandWeezer
41.4%
Flat stringed folk instrumentzither
36.4%
Music notation to play the piece smoothlylegato
35.7%
Legendary Jamaican-English record labelIsland
29.3%
Remove Ads.
Support Sporcle.
Get the best of Sporcle when you Go Orange. This ad-free experience offers more features, more stats, and more fun while also helping to support Sporcle. Thank you for becoming a member.

You're not logged in!

Compare scores with friends on all Sporcle quizzes.
OR
Log In

Show Comments

Extras

Top Quizzes Today


Score Distribution

Your Account Isn't Verified!

In order to create a playlist on Sporcle, you need to verify the email address you used during registration. Go to your Sporcle Settings to finish the process.

Report this User

Report this user for behavior that violates our Community Guidelines.

Details: